1514 1360 1608 1132 1235 1695 1356 1816 1498 1661 1072 1140 1667 1283 1434 1343 1224 1947 1865 1491 1483 1148 1229 1094 1439 1801 1168 1944 1782 1557 1117 1163 1603 1173 1189 1567 1850 1512 1679 1807 1360 1629 1550 1363 1799 1547 1820 1258 1821 1890 1095 1682 1172 1024 1800 1970 1439 1689 1171 1320 1972 1887 1577 1213 1576 1406 1560 1616 1282 1583 1471 1241 1150 1900 1982 1291 1086 1743 1324 1059 1058 1571 1554 1349 1827 1919 1484 1208 1090 1955 1327 1024 1425 1075 1723 1649 1601 1399 1406 BCNSPRNW ULIB Ver.6.0+V

เปลี่ยนเป็นภาษาไทย

Change to English
 แสดงรายละเอียดบรรณานุกรม
  กลับหน้าหลัก

Brief Record : Get Marc (ISO 2709) : E-mail record : QR code < ปิดหน้าต่าง
LEADER : 00000nam 2200000uu 4500
001    13399120282
003     ULIB
008    120918s2548||||th 000 0 tha d
060 04 ^aQV55^bป398ก 2548
100 0  ^aประสาน ตั้งยืนยงวัฒนา
245 10 ^aการเปลี่ยนแปลงยาเบื้องต้น =^bIntroduction to drugmetabolism /^cประสาน ตั้งยืนยงวัฒนา
246 31 ^aIntroduction to drug metabolism
250    ^aพิมพ์ครั้งที่ 2
260    ^aกรุงเทพฯ :^bจรัลสนิทวงศ์การพิมพ์,^c2548
300    ^a[4], 98 หน้า :^bภาพประกอบ ;^c30 ซม.
504    ^aมีบรรณานุกรมและดัชนี
650  7 ^aยา^xเมตะบอลิสม
650  7 ^aเมตะบอลิสม
945    ^p139^l0^i24614
995    ^aกัณชพร
999 ^a ใช้งานได้ทุกระบบ
รายการนี้ยังไม่มีแท็ก
คุณยังไม่ได้ล็อกอิน คุณสามารถมีกิจกรรมร่วมกับเว็บไซต์ได้ แต่ต้องล็อกอินก่อน ::
  ล็อกอิน

รายการสื่อสารสนเทศ

ลำดับที่ ประเภท เลขเรียก/บาร์โค้ด สถานที่ สถานะ
1. วิทยาศาสตร์การแพทย์ และสุขภาพ
วิทยาศาสตร์การแพทย์ และสุขภาพ
QV55 ป398ก 2548  
  Barcode: 24614
ห้องสมุดวิทยาเขตสวรรค์ประชารักษ์
►หนังสือทั่วไป
บนชั้น

รายการใกล้เคียง
    หัวเรื่อง [เมตะบอลิสม]

BibComment


ยังไม่เคยถูกคอมเมนท์

คอมเมนท์ทรัพยากรรายการนี้
  คอมเมนท์: การเปลี่ยนแปลงยา..


 Copyright 2026. Bcnsprnw @Library